| 000 | 01422nam1a2200421 i 4500 | ||
|---|---|---|---|
| 001 | RU\NLR\bibl\521362 | ||
| 005 | 20260406152922.0 | ||
| 010 | _a5-9208-0185-9 | ||
| 035 | _a(NLR Aleph) 000513761 | ||
| 090 |
_a1249700 _c1249700 |
||
| 100 | _a20040519g20049999u y0rusy50 ca | ||
| 101 | 0 | _arus | |
| 102 | _aRU | ||
| 105 | _a||||z ||||| | ||
| 135 | _acrgn 008aaada | ||
| 200 | 1 |
_aПолное собрание сочинений _eВ 7 т. _fСергей Есенин _gГл. ред. Ю.Л. Прокушев _g[Рос. акад. наук, Ин-т мировой лит. им. А.М. Горького] |
|
| 205 | _a2-е изд. | ||
| 210 |
_aМ. _cИМЛИ РАН _d2004 |
||
| 215 | _d18 | ||
| 463 | 0 | _1001514226 | |
| 463 | 0 | _1001517139 | |
| 463 | 0 | _1001515653 | |
| 463 | 0 | _1001598223 | |
| 463 | 0 | _1001899591 | |
| 463 | 0 | _1001899568 | |
| 463 | 0 | _1001917875 | |
| 463 | 0 | _1001917880 | |
| 463 | 0 | _1001917883 | |
| 686 | _aШ6(2=Р)7я44 | ||
| 700 | 1 |
_4070 _7ca _8rus _aЕсенин _bС. А. _f1895-1925 _gСергей Александрович _9114357 _3RU\NLR\auth\774376 |
|
| 702 | 1 |
_4340 _7ca _8rus _aПрокушев _bЮ. Л. _f1920-2004 _gЮрий Львович _9116150 _3RU\NLR\AUTH\776195 |
|
| 801 | 0 |
_aRU _bNLR _c20040519 _gPSBO |
|
| 801 | 1 |
_aRU _bNLR _c20040519 |
|
| 852 |
_aNLR _j2004-2/1469 |
||
| 942 | _cBOOK | ||